Ravished Armenia : (Record no. 462198)
[ view plain ]
| 000 -LEADER | |
|---|---|
| fixed length control field | 01105nam a2200265 a 4500 |
| 003 - CONTROL NUMBER IDENTIFIER | |
| control field | AM-YEHGA |
| 040 ## - CATALOGING SOURCE | |
| Original cataloging agency | AM-YeHGA |
| 001 - CONTROL NUMBER | |
| control field | 1761152 |
| 005 - DATE AND TIME OF LATEST TRANSACTION | |
| control field | 20250618075425.0 |
| 008 - FIXED-LENGTH DATA ELEMENTS--GENERAL INFORMATION | |
| fixed length control field | 210315s2020 ai a||||r|||||000|0|eng|| |
| 020 ## - INTERNATIONAL STANDARD BOOK NUMBER | |
| International Standard Book Number | 9789939822853 |
| 041 0# - LANGUAGE CODE | |
| Language code of text/sound track or separate title | eng |
| 090 ## - LOCALLY ASSIGNED LC-TYPE CALL NUMBER (OCLC); LOCAL CALL NUMBER (RLIN) | |
| -- | 465372 |
| 245 00 - TITLE STATEMENT | |
| Title | Ravished Armenia : |
| Remainder of title | The story of Aurora Mardiganian : the christian girl who lived through the great massacres / |
| Statement of responsibility, etc. | Interpreted by H.L. Gates, with a foreword by Nora Waln. |
| 260 ## - PUBLICATION, DISTRIBUTION, ETC. | |
| Place of publication, distribution, etc. | Yerevan : |
| Name of publisher, distributor, etc. | S.n, |
| Date of publication, distribution, etc. | 2020. |
| 300 ## - PHYSICAL DESCRIPTION | |
| Extent | 203 pages : |
| Other physical details | ill.; |
| Dimensions | 21 cm. |
| 490 0# - SERIES STATEMENT | |
| Series statement | Armenian genocide museum-institute foundation memories of survivors of the Armenian Genocide, |
| Volume/sequential designation | 1. |
| 600 #0 - SUBJECT ADDED ENTRY--PERSONAL NAME | |
| Personal name | Mardiganian, Aurora |
| 650 #0 - SUBJECT ADDED ENTRY--TOPICAL TERM | |
| Topical term or geographic name entry element | Համաշխարհային պատերազմ, 1914-1918 |
| General subdivision | Atrocities |
| Form subdivision | Personal narratives |
| 650 #0 - SUBJECT ADDED ENTRY--TOPICAL TERM | |
| Topical term or geographic name entry element | Համաշխարհային պատերազմ, 1914-1918 |
| Geographic subdivision | Հայաստան |
| 9 (RLIN) | 8620 |
| 650 #4 - SUBJECT ADDED ENTRY--TOPICAL TERM | |
| Topical term or geographic name entry element | Հայոց ցեղասպանություն (1915-1923) |
| Form subdivision | Անձնական պատմություններ |
| 9 (RLIN) | 5101 |
| 700 1# - ADDED ENTRY--PERSONAL NAME | |
| Personal name | Gates, H.L. |
| 700 1# - ADDED ENTRY--PERSONAL NAME | |
| Personal name | Waln, Nora |
| Relationship | aui |
| 942 ## - ADDED ENTRY ELEMENTS (KOHA) | |
| Source of classification or shelving scheme | Universal Decimal Classification |
| Koha item type | Գրքեր / Books |
| Withdrawn status | Lost status | Source of classification or shelving scheme | Damaged status | Not for loan | Collection | Home library | Current library | Date acquired | Total checkouts | Full call number | Barcode | Date last seen | Price effective from | Koha item type | Public note |
|---|---|---|---|---|---|---|---|---|---|---|---|---|---|---|---|
| Universal Decimal Classification | General | Fundamental Scientific Library | Fundamental Scientific Library | 26/04/2021 | И II/116843 | FL0630731 | 26/04/2021 | 26/04/2021 | Գրքեր / Books | 30 Days Loan | |||||
| Universal Decimal Classification | General | Fundamental Scientific Library | Fundamental Scientific Library | 26/04/2021 | И II/116842 | FL0645496 | 26/04/2021 | 26/04/2021 | Գրքեր / Books | 30 Days Loan |
ՀՀ Գիտությունների ազգային ակադեմիայի հիմնարար գիտական գրադարան = Fundamental Scientific Library of NAS RA
All site content, except where otherwise noted, is licensed under a